Normal view
MARC view
Entry Topical Term
001 - CONTROL NUMBER
- control field: 9076
003 - CONTROL NUMBER IDENTIFIER
- control field: OSt
005 - DATE AND TIME OF LATEST TRANSACTION
- control field: 20160527182308.0
008 - FIXED-LENGTH DATA ELEMENTS
- fixed length control field: 160527|| aca||aabn | a|a d
040 ## - CATALOGING SOURCE
- Original cataloging agency: OSt
- Transcribing agency: OSt
150 ## - HEADING--TOPICAL TERM
- Topical term or geographic name entry element: Health sex
670 ## - SOURCE DATA FOUND
- Source citation: Work cat.: (OSt): Edited by Kathy, French 9074, Sexual Health
